01409nam a22002417a 4500020001800000082001700018100002400035245008700059250001200146260004600158300002300204500002000227650002500247700001800272942000700290999001700297952014700314952014600461952014700607952014400754952014400898952012501042 a9788131720257 a005.74 CON  aConnolly, Thomas M. aDatabase systems : a practical approach to design, implementation, and management  a4th ed. aNew Delhi, IndiabPearson Educationc2005 al, 1374 p.bill. ; aIncludes index. aDatabase management. aBegg, Carolyn cBK c12542d12542 001040708NFICaCLbCLcDATAd2013-12-27eAllied Book Companyg852.00l1m1o005.74 CONpSEECS012987r2015-02-16s2014-09-13w2014-01-06yBK 001040708NFICaNQCbNQCcDATAd2013-12-27eAllied Book Companyg852.00l1o005.74 CONpSEECS012986r2015-02-16s2014-11-23w2017-01-05yBK 001040708NFICaCLbCLcDATAd2013-12-27eAllied Book Companyg852.00l2m1o005.74 CONpSEECS012984r2021-06-29s2020-10-13w2014-01-06yBK 001040708NFICaCLbCLcDATAd2013-12-27eAllied Book Companyg852.00l2o005.74 CONpSEECS012985r2021-10-07s2020-10-21w2014-01-06yBK 001040708NFICaCLbCLcDATAd2013-12-27eAllied Book Companyg852.00l2o005.74 CONpSEECS012983r2023-11-03s2016-09-21w2014-01-06yBK 001040708NFICaCLbCLcDATAd2015-02-17eGolden Booksg840.00l0o005.74 CONpSEECS013262r2015-02-15w2015-02-15yBK